logo

Bir Sreshtho Munshi Abdur Rouf Library
Jhenaidah Cadet College

নজরুল-চরিতমানস / (Record no. 9737)

MARC details
000 -LEADER
fixed length control field 00688nam a22002177a 4500
001 - CONTROL NUMBER
JCCL Control Number 9737
003 - CONTROL NUMBER IDENTIFIER
JCCL marc code OSt
005 - DATE AND TIME OF LATEST TRANSACTION
control field 20180324130916.0
008 - FIXED-LENGTH DATA ELEMENTS--GENERAL INFORMATION
fixed length control field 180324b1370 ii ||||| |||| 00| 0 ben d
035 ## - SYSTEM CONTROL NUMBER
system control number (BD-JhCC)9737
040 ## - CATALOGING SOURCE
Original cataloging agency BD-JhCC
Modifying agency BD-JhCC
041 ## - LANGUAGE CODE
Language code of Book ben
082 ## - DEWEY DECIMAL CLASSIFICATION NUMBER
Classification number 891.4409
Author mark and Year GUP 1370
100 ## - MAIN ENTRY--PERSONAL NAME
Personal name গুপ্ত, ডক্টর সুশীলকুমার
245 ## - TITLE STATEMENT
Title নজরুল-চরিতমানস /
Statement of responsibility, etc ডক্টর সুশীলকুমার গুপ্ত
260 ## - PUBLICATION, DISTRIBUTION, ETC. (IMPRINT)
Place of publication, distribution, etc কলিকাতা :
Name of publisher, distributor, etc দেজ পাবলিশিং
Date of publication, distribution, etc 1370.
300 ## - PHYSICAL DESCRIPTION
Pagination 394 p. :
Dimensions 21 cm.
650 ## - SUBJECT ADDED ENTRY--TOPICAL TERM
Topical term or geographic name as entry element Bengali Literature
942 ## - ADDED ENTRY ELEMENTS (KOHA)
Source of classification or shelving scheme Dewey Decimal Classification
Koha item type Books
Holdings
Source of classification or shelving scheme Damaged status Not for loan Home library Current library Shelving location Date of accession Cost, normal purchase price Total Checkouts Full call number Barcode Date last seen Copy number Koha item type
Dewey Decimal Classification     JCC Rouf Library JCC Rouf Library General Stacks 03/24/2018 26.00   891.4409 GUP 1370 12945 03/24/2018 C-1 Books

JCC Library | Contacts | JCC Home

Last Update on 23 September 2017
Copyright @ 2017-2020 JCC Rouf Library
Rouf Library, Jhenidah Cadet College (JCC), Bangladesh